000 00563cam a22002053a 4500
001 39743
003 PGUSA
005 20140828083903.0
008 120520s2012||||xxu|||||s|||||000 | eng d
040 _aPGUSA
_beng
042 _adc
100 1 _aCamp, Walter,
_d1859-1925
245 1 0 _aAmerican Football
_h[electronic resource] /
_cWalter Camp
260 _bProject Gutenberg,
_c2012
506 _aPublic domain in the USA.
516 _aElectronic text
830 0 _aProject Gutenberg
_v39743
856 4 0 _uhttp://www.gutenberg.org/ebooks/39743
942 _cEB
999 _c268996
_d268996